Language Quiz

Random Language or French Quiz

French négation Quiz Stats

 Plays Quiz not verified by Sporcle

Also try: Just B & D
Challenge
Share
Tweet
Embed
Score 0/16 Timer 10:00
0 Plays Today
clue % Correct
nothingne rien
91.7%
with out sans
83.3%
neverne jamais
83.3%
nobodyne personne
83.3%
no longer ne plus
75%
opposite- encorene plus
75%
opposite- déjà ne jamais
75%
only ne que
75%
clue % Correct
neither norne ni ni
58.3%
opposite- toujoursne plus
58.3%
not yet ne pas encore
50%
none/not a single ne aucun
41.7%
hardly(litteraire)ne guère
41.7%
opposite- quelque partne nulle part
41.7%
none at all ne pas du tout
33.3%
nowherene nulle part
25%

You're not logged in!

Compare scores with friends on all Sporcle quizzes.
Join for Free
OR
Log In

You Might Also Like...

Show Comments

Extras

Created Dec 18, 2011ReportNominate
Tags:French Quiz

Top Quizzes Today


Score Distribution

Your Account Isn't Verified!

In order to create a playlist on Sporcle, you need to verify the email address you used during registration. Go to your Sporcle Settings to finish the process.

Report this User

Report this user for behavior that violates our Community Guidelines.

Details: